| 000 | 02303nam0a2200385 4500 | ||
|---|---|---|---|
| 001 | RU\NLR\BIBL_A\012315919 | ||
| 005 | 20200915142346.0 | ||
| 010 |
_a978-5-906132-47-5 _970 |
||
| 021 |
_aRU _bКН-П-20-020596 _9КН-П-20-1605 |
||
| 035 | _a(NLR Aleph) 012315919 | ||
| 035 | _a(RuMoRGB)010322586 | ||
| 090 |
_a11395123 _c11395123 |
||
| 100 | _a20200817d2020 u y0rusy50 ca | ||
| 101 | 0 | _arus | |
| 102 | _aRU | ||
| 105 | _aabc|z|||000zy | ||
| 181 | 0 |
_ai _baxxe |
|
| 182 | 0 | _an | |
| 200 | 1 |
_aПерспективы развития программы по восстановлению (реинтродукции) переднеазиатского леопарда на Кавказе _fЦентр природы Кавказа _g[разработчики: В.С. Лукаревский и др.] |
|
| 203 |
_aТекст _bвизуальный _cнепосредственный |
||
| 210 |
_aМосква _cАНО "Центр природы Кавказа" _cЧеловек _d2020 |
||
| 215 |
_a111, [1] с. _cил., цв. ил., карт., портр., табл. _d31 |
||
| 300 | _aЗагл. колонтит.: Проект Программы по восстановлению (реинтродукции) переднеазиатского леопарда на Кавказе | ||
| 320 | _aБиблиогр.: с. 85 (12 назв.), в конце кн. (2 назв.) и в подстроч. примеч. | ||
| 515 | 1 | _aПроект Программы по восстановлению (реинтродукции) переднеазиатского леопарда на Кавказе | |
| 606 | 1 |
_aЛеопарды _xРеинтродукция _yКавказ Северный _92314224 _3RU\NLR\AUTH\6601610245 |
|
| 686 | 1 | _aЕ681.7(2Р37) | |
| 702 | 1 |
_aЛукаревский _bВ. С. _gВиктор Семенович _4220 |
|
| 712 | 0 | 2 |
_4475 _aЦентр сохранения и защиты природы Северного Кавказа _cМосква _9711128 _3RU\NLR\AUTH\880524810 |
| 942 | _cBOOK | ||
| 980 | _aNBR | ||
| 980 | _aNB | ||